Quiz de culture générale, pourquoi ? - Statistiques

Statistiques générales
  • Ce quiz a été pris 163 fois
  • Le résultat moyen est 6 sur 15
Statistiques - réponses
Question Réponse % Correct
Pourquoi le carton est-il marron alors que le papier est blanc ? C'est la couleur naturelle de la pâte à papier
69%
Pourquoi les tennismen font-ils rebondir la balle avant de servir ? Les trois réponses sont données
62%
Pourquoi dit-on vieux comme Mathusalem ? Mathusalem est un personnage de la Bible qui aurait vécu 979 ans
62%
Pourquoi doit-on mettre une barre au 7 ? pour le distinguer du 1
62%
Pourquoi dit-on 'depuis belle lurette' ? Lurette est une déformation de "heurette" qui veut dire "une petite heure" donc une durée indéterminée
54%
Pourquoi les cyclistes s'épilent-ils les jambes ? Pour ces trois raisons
54%
Pourquoi parle-t-on des ''dents du bonheur'' ? A l'époque napoléonienne c'était un motif de réforme car on ne pouvait couper la cartouche de poudre
38%
Pourquoi François Mitterrand a t-il été surnommé Tonton ? c'était le code employé par ses services de protection
38%
Pourquoi dit-on "passer l'arme à gauche" ? Autrefois pour charger l'arme il fallait du temps, on la tenait de la main gauche, mais pendant ce temps on était vulnérable
31%
Pourquoi court-on dans le sens inverse des aiguilles d'une montre ? Les trois réponses sont valables.
31%
Pourquoi dit-on 'être un cordon bleu' ? L'Ordre du St Esprit, la plus haute décoration de l'ancien régime était bleu, par conséquent tout ce qui était au-dessus du lot était qualifié de "cordon bleu"
31%
Pourquoi Pluton n'est-elle plus une planète ? Parce que sa force gravitationnelle est insuffisante pour dominer son environnement
31%
Pourquoi un langage de programmation s'appelle Java ? A cause du café produit à Java
15%
Le coca cola ne serait pas américain mais pourquoi ? C'est une invention... française
8%
Pourquoi la date de production des films, en fin de générique est en chiffres romains ? Pour que ce soit moins facilement compréhensible
0%
Aucun quiz correspondant
Distribution des résultats
% des personnes avec chaque résultat
Percentile par nombre de réponses
Votre historique - résultats
Vous n’avez pas pris ce quiz